00638nam a2200205Ia 4500003000900000008004100009020001600050040001600066080001300082100002400095245005400119260003400173300001400207650001900221650003100240650001500271942000700286999001500293952012400308IN-BaIIA211028s9999 xx 000 0 eng d a85264-068-4 cIIA Library a519bRAH aRahman, N. A.95835 2aA course in theoretical statisticscRahman, N. A. aLondonbCharles Griffinc1968 axv, 542p. aNASA Thesaurus aStatistical Analysis91599 aStatistics cBK c3279d3279 00104070aBANbBANcGENd1969-09-17g75.60l0o519/ RAHp3642r2021-11-05v75.60w1969-09-17yBKGRs. 75.60